00569nam a2200169Ia 4500952013300000999001700133003000400150005001700154008004100171040000900212082001800221100002100239245004400260260004400304300000900348942004200357 00102ddc40708HISTORYaMESbMEScHISd2019-02-20g105.00l0o954.03 DES/Pp17170r2019-02-20 00:00:00w2019-02-20yBKzGL36R4 c19959d19959OSt20200624152456.0190216s9999||||xx |||||||||||||| ||und|| coclc a954.03bDES/P aDesai, A R92954 0aPeasant Struggles In India /cA R Desai bOxford University Press,c1979.aDelhi: a772p cBK2ddch954.03iDES/Pk954.03mDES/P